| 000 | 00510nam a2200169Ia 4500 | ||
|---|---|---|---|
| 999 |
_c12555 _d12555 |
||
| 003 | OSt | ||
| 005 | 20201116161313.0 | ||
| 008 | 190216s9999||||xx |||||||||||||| ||und|| | ||
| 040 | _coclc | ||
| 082 |
_a423.1 _bGRE/C |
||
| 100 |
_aGreen, David _96221 |
||
| 245 | 0 |
_aContemporary English Grammar Structures And Composition / _cDavid Green |
|
| 260 |
_bMacmillan India Ltd, _c1971. _aLondon; |
||
| 300 | _a338p | ||
| 650 | _aEnglish Grammar | ||
| 942 |
_cBK _2ddc _h423.1 _iGRE/C _k423.1 _mGRE/C |
||